000 00561nam a2200205Ia 4500
003 OSt
005 20220926044656.0
006 a|||||r|||| 00| 0
007 ta
008 220923b |||||||| |||| 00| 0 eng d
037 _cGeneral Book
040 _aRTL
_cRTL
_beng
041 _2eng
_aeng
082 _aX:970gW6, K3
100 _aGinzberg Eli, and others
_9349324
245 0 _aDemocratic values and the rights of management
260 _c1963
942 _hX:970gW6, K3
_cGB
_2CC
999 _c675520
_d675520